[Event "PRO League Group Stage"]
[Site "chess.com INT"]
[Date "2018.02.24"]
[Round "7"]
[White "Hjartarson, Johann"]
[Black "Xiong, Jeffery"]
[Result "0-1"]
[WhiteTitle "GM"]
[BlackTitle "GM"]
[WhiteElo "2536"]
[BlackElo "2634"]
[WhiteTeam "Reykjavik Puffins"]
[BlackTeam "Dallas Destiny"]
[WhiteFideId "2300044"]
[BlackFideId "2047640"]
[EventDate "2018.01.18"]

1. e4 c5 2. Ne2 d6 3. g3 Nf6 4. Bg2 g6 5. c3 Bg7 6. d4 cxd4 7. cxd4 O-O 8. O-O
Nc6 9. Nbc3 e5 10. d5 Nb8 11. h3 a5 12. Be3 Na6 13. a3 Bd7 14. Rb1 b5 15. b4
axb4 16. axb4 Qb8 17. Qd3 Rc8 18. Rfc1 Rc4 19. Na2 Qc8 20. Kh2 Nc7 21. Rb2 Qa6
22. Rcc2 Ncxd5 23. exd5 Bf5 24. Qxc4 bxc4 25. b5 Qa3 26. Rd2 Ne4 27. Bxe4 Bxe4
28. Nec3 Bf3 29. b6 e4 30. Rdc2 Rb8 31. Rb1 Be5 32. b7 h5 33. h4 Qa5 34. Rb5 Qd8
35. Kg1 Qd7 36. Kh2 Qg4 37. Bg5 f6 38. Nxe4 Qxe4 0-1

[Event "PRO League Group Stage"]
[Site "chess.com INT"]
[Date "2018.02.24"]
[Round "7"]
[White "Hansen, Eric"]
[Black "Atalik, Suat"]
[Result "1-0"]
[WhiteTitle "GM"]
[BlackTitle "GM"]
[WhiteElo "2629"]
[BlackElo "2538"]
[WhiteTeam "Montreal Chessbrahs"]
[BlackTeam "Amsterdam Mosquitoes"]
[WhiteFideId "2606771"]
[BlackFideId "14401487"]
[EventDate "2018.01.18"]

1. e4 e5 2. Nf3 Nc6 3. Bb5 a6 4. Ba4 Nf6 5. O-O Be7 6. Re1 b5 7. Bb3 d6 8. c3
O-O 9. h3 Bb7 10. d4 Re8 11. Nbd2 Bf8 12. Bc2 Nb8 13. a4 Nbd7 14. Bd3 c6 15. Nf1
Nh5 16. Bg5 Be7 17. Be3 g6 18. N1h2 Nhf6 19. Qc2 Qc7 20. c4 b4 21. dxe5 dxe5 22.
c5 a5 23. Nd2 Nf8 24. Bc4 Bc8 25. Nhf3 Be6 26. Red1 N6d7 27. Nb3 Rad8 28. Rd2
Bxc4 29. Qxc4 Ne6 30. Rad1 Kg7 31. g3 Bf8 32. Kg2 h5 33. Nxa5 Nexc5 34. Bxc5
Nxc5 35. Rxd8 Rxd8 36. Rxd8 Qxd8 37. Nxc6 Qd3 38. Qxd3 Nxd3 39. b3 Nc5 40. a5 f6
41. Nxb4 Nxe4 42. a6 Bc5 43. Nc6 Bxf2 44. Nd2 Nxd2 45. Kxf2 Ne4+ 46. Kg2 1-0

[Event "PRO League Group Stage"]
[Site "chess.com INT"]
[Date "2018.02.24"]
[Round "7"]
[White "Hansen, Eric"]
[Black "Carlsen, Magnus"]
[Result "0-1"]
[WhiteTitle "GM"]
[BlackTitle "GM"]
[WhiteElo "2629"]
[BlackElo "2834"]
[WhiteTeam "Montreal Chessbrahs"]
[BlackTeam "Norway Gnomes"]
[WhiteFideId "2606771"]
[BlackFideId "1503014"]
[EventDate "2018.01.18"]

1. e4 g6 2. d4 Bg7 3. Nf3 d6 4. Be2 Nf6 5. Nc3 O-O 6. O-O Nc6 7. Be3 Bg4 8. h3
Bxf3 9. Bxf3 e5 10. d5 Ne7 11. Nb5 a6 12. Na3 Nd7 13. c4 f5 14. Rc1 Kh8 15. b4
a5 16. c5 axb4 17. cxd6 cxd6 18. Nb5 fxe4 19. Bg4 Nf5 20. Nc7 Nxe3 21. fxe3
Rxf1+ 22. Qxf1 Bh6 23. Nxa8 Bxe3+ 24. Kh1 Bxc1 25. Qxc1 Nc5 26. Qf1 Kg7 27. Be6
e3 28. Qf7+ Kh6 29. Nb6 e2 30. Qf2 Ne4 31. Qe1 Qg5 32. Bg4 Ng3+ 33. Kh2 Qf4 34.
Kg1 Qf1+ 0-1

[Event "PRO League Group Stage"]
[Site "chess.com INT"]
[Date "2018.02.24"]
[Round "7"]
[White "Hansen, Eric"]
[Black "Pruijssers, Roeland"]
[Result "1-0"]
[WhiteTitle "GM"]
[BlackTitle "GM"]
[WhiteElo "2629"]
[BlackElo "2536"]
[WhiteTeam "Montreal Chessbrahs"]
[BlackTeam "Oslo Trolls"]
[WhiteFideId "2606771"]
[BlackFideId "1013068"]
[EventDate "2018.01.18"]

1. e4 d5 2. exd5 Qxd5 3. Nc3 Qa5 4. Bc4 Nf6 5. d3 Bg4 6. Ne2 Nbd7 7. h3 Bf5 8.
O-O e6 9. Nd4 Bg6 10. Nb3 Qh5 11. Qxh5 Bxh5 12. Nb5 Kd8 13. a4 Nb6 14. Re1 a6
15. N5d4 Bd6 16. Na5 Kc8 17. Bd2 Rd8 18. Bb3 Bc5 19. Ne2 Ne4 20. Be3 Bb4 21.
dxe4 Bxa5 22. c3 Nd7 23. Nf4 Bg6 24. Nxg6 hxg6 25. Bg5 Rh8 26. Rad1 c6 27. Rd2
Bc7 28. Red1 Nc5 29. Bc2 a5 30. Be7 b6 31. Bg5 e5 32. Kf1 Ne6 33. Be3 Rd8 34.
Bb3 Rxd2 35. Rxd2 Ra7 36. g3 Rb7 37. Ke2 Bb8 38. Bc4 b5 39. axb5 cxb5 40. Bd5
Rd7 41. Rd1 Nd8 42. c4 b4 43. Ra1 Bc7 44. c5 Re7 45. Kd3 Kd7 46. Kc4 Nc6 47. Rd1
Nd4 48. f4 f6 49. Bxd4 exd4 50. Rxd4 Kc8 51. h4 g5 52. hxg5 fxg5 53. e5 gxf4 54.
gxf4 g5 55. fxg5 Bxe5 56. Rd2 Kc7 57. g6 Bg7 58. Rf2 Kd7 59. b3 Kc7 60. Kb5 Bd4
61. Rf7 Rxf7 62. gxf7 Bg7 63. Kxa5 Bf8 64. Kxb4 1-0

[Event "PRO League Group Stage"]
[Site "chess.com INT"]
[Date "2018.02.24"]
[Round "7"]
[White "Hansen, Eric"]
[Black "Zhou, Yang-Fan"]
[Result "0-1"]
[WhiteTitle "GM"]
[BlackTitle "IM"]
[WhiteElo "2629"]
[BlackElo "2449"]
[WhiteTeam "Montreal Chessbrahs"]
[BlackTeam "London Lions"]
[WhiteFideId "2606771"]
[BlackFideId "468584"]
[EventDate "2018.01.18"]

1. e4 c5 2. Nf3 d6 3. d4 Nf6 4. Nc3 cxd4 5. Qxd4 a6 6. Bg5 Nc6 7. Qd2 e6 8.
O-O-O h6 9. Be3 Ng4 10. Bf4 e5 11. Bg3 Be6 12. Nd5 Rc8 13. Kb1 Nf6 14. Qe3 Be7
15. Nxf6+ gxf6 16. a3 b5 17. Nh4 b4 18. Nf5 bxa3 19. Qxa3 Bxf5 20. exf5 Nd4 21.
Qa4+ Kf8 22. Rxd4 exd4 23. Qxd4 Qc7 24. Bd3 Qc5 25. Qf4 Rb8 26. Re1 Qc3 27. Qc1
Rxb2+ 28. Qxb2 Qxe1+ 29. Ka2 Kg7 30. f3 Qa5+ 31. Qa3 Qd2 32. Qa4 Rb8 33. Qa3 Rb7
34. Be4 Rb5 0-1

[Event "PRO League Group Stage"]
[Site "chess.com INT"]
[Date "2018.02.24"]
[Round "7"]
[White "Blomqvist, Erik"]
[Black "Smirnov, Anton"]
[Result "0-1"]
[WhiteTitle "GM"]
[BlackTitle "GM"]
[WhiteElo "2502"]
[BlackElo "2527"]
[WhiteTeam "Stockholm Snowballs"]
[BlackTeam "Australia Kangaroos"]
[WhiteFideId "1709437"]
[BlackFideId "3208923"]
[EventDate "2018.01.18"]

1. e4 e6 2. d3 d5 3. Nd2 Nf6 4. Ngf3 c5 5. g3 Nc6 6. Bg2 g6 7. O-O Bg7 8. Re1
O-O 9. c3 a5 10. a4 b6 11. exd5 exd5 12. Nb1 Re8 13. Rxe8+ Qxe8 14. Na3 Na7 15.
Bf4 Bd7 16. b3 Nh5 17. Bd2 Qe7 18. Qc2 Re8 19. Re1 Qd6 20. Rxe8+ Bxe8 21. c4
dxc4 22. dxc4 Nc6 23. Nb5 Qd8 24. Bc3 Bxc3 25. Nxc3 Nf6 26. Qe2 Bd7 27. h3 h5
28. Qe3 Qe7 29. Qf4 Kg7 30. Nd5 Nxd5 31. cxd5 Nb4 32. Ne5 g5 33. Qe3 f6 34. Nc4
Qxe3 35. fxe3 b5 36. axb5 Bxb5 37. Nxa5 Kf8 38. Nb7 c4 39. Nd6 c3 40. Be4 Bd3
41. Bxd3 Nxd3 0-1

[Event "PRO League Group Stage"]
[Site "chess.com INT"]
[Date "2018.02.24"]
[Round "7"]
[White "Blomqvist, Erik"]
[Black "Boros, Denes"]
[Result "0-1"]
[WhiteTitle "GM"]
[BlackTitle "GM"]
[WhiteElo "2502"]
[BlackElo "2457"]
[WhiteTeam "Stockholm Snowballs"]
[BlackTeam "Webster Windmills"]
[WhiteFideId "1709437"]
[BlackFideId "722340"]
[EventDate "2018.01.18"]

1. Nf3 c6 2. g3 g6 3. Bg2 Bg7 4. O-O Nf6 5. c4 O-O 6. d4 d6 7. Nc3 Nbd7 8. Qc2
Qa5 9. a4 e5 10. e3 Re8 11. b3 Nf8 12. dxe5 dxe5 13. Ba3 Bf5 14. Qb2 Ne4 15.
Nxe4 Bxe4 16. Rad1 Bxf3 0-1

[Event "PRO League Group Stage"]
[Site "chess.com INT"]
[Date "2018.02.24"]
[Round "7"]
[White "Blomqvist, Erik"]
[Black "Izoria, Zviad"]
[Result "0-1"]
[WhiteTitle "GM"]
[BlackTitle "GM"]
[WhiteElo "2502"]
[BlackElo "2599"]
[WhiteTeam "Stockholm Snowballs"]
[BlackTeam "San Jose Hackers"]
[WhiteFideId "1709437"]
[BlackFideId "13601733"]
[EventDate "2018.01.18"]

1. e4 Nc6 2. Nf3 e5 3. Bb5 a6 4. Ba4 Nf6 5. O-O Be7 6. d3 d6 7. c3 O-O 8. Re1
Nd7 9. d4 Bf6 10. Be3 exd4 11. cxd4 Nb6 12. Bxc6 bxc6 13. Qc2 Bd7 14. Nbd2 Re8
15. Rac1 a5 16. h3 h6 17. Bf4 Be7 18. Nc4 Nxc4 19. Qxc4 Qb8 20. b3 Qb4 21. Qc2
a4 22. Bd2 axb3 23. axb3 Qb5 24. Ra1 Bf8 25. b4 Rxa1 26. Rxa1 Qh5 27. Qd3 Qg6
28. Re1 Be7 29. Kh1 Bf6 30. Bf4 Qh5 31. Bg3 Qb5 32. Qd2 Be7 33. Rb1 Bf8 34. Qc2
Qh5 35. Nd2 Qe2 36. Qc3 Ra8 37. Qb2 Be6 38. Qc1 Ra2 39. Rb2 Rxb2 40. Qxb2 Be7
41. Qc3 Bg5 42. f4 Bf6 43. Kh2 Bxh3 44. Qf3 Qxd2 45. Kxh3 Qxd4 46. Bf2 Qxb4 47.
e5 dxe5 48. Qxc6 Qxf4 49. Qa8+ Kh7 0-1

[Event "PRO League Group Stage"]
[Site "chess.com INT"]
[Date "2018.02.24"]
[Round "7"]
[White "Blomqvist, Erik"]
[Black "Panjwani, Raja"]
[Result "1/2-1/2"]
[WhiteTitle "GM"]
[BlackTitle "IM"]
[WhiteElo "2502"]
[BlackElo "2444"]
[WhiteTeam "Stockholm Snowballs"]
[BlackTeam "Montreal Chessbrahs"]
[WhiteFideId "1709437"]
[BlackFideId "2604493"]
[EventDate "2018.01.18"]

1. Nf3 Nf6 2. g3 g6 3. Bg2 Bg7 4. O-O O-O 5. d4 d6 6. b3 c5 7. c4 Nc6 8. Bb2 Bg4
9. d5 Na5 10. Nfd2 a6 11. h3 Bf5 12. e4 Bd7 13. Qc2 Qc7 14. Nc3 Rab8 15. Kh2 h5
16. f4 h4 17. g4 Bxg4 18. hxg4 Nxg4+ 19. Kh1 Ne3 20. Qd3 Nxf1 21. Rxf1 b5 22.
Ba1 bxc4 23. bxc4 Rb4 24. e5 dxe5 25. d6 Qxd6 26. Nd5 h3 27. Bxh3 f5 28. fxe5
Bxe5 29. Re1 Nc6 30. Bxe5 Nxe5 31. Qc3 Nc6 32. Bg2 Rbb8 33. Nf3 e5 34. Nxe5 Nxe5
35. Qxe5 Qxe5 36. Rxe5 f4 37. Bf3 Rb2 38. Re6 Kg7 39. Be4 f3 40. Rxg6+ Kf7 41.
Rf6+ Kg7 42. Rg6+ Kf7 43. Rf6+ Kg7 44. Rg6+ Kf7 45. Rf6+ 1/2-1/2

[Event "PRO League Group Stage"]
[Site "chess.com INT"]
[Date "2018.02.24"]
[Round "7"]
[White "Caruana, Fabiano"]
[Black "Adhiban, Baskaran"]
[Result "1-0"]
[WhiteTitle "GM"]
[BlackTitle "GM"]
[WhiteElo "2811"]
[BlackElo "2655"]
[WhiteTeam "Saint Louis Arch Bishops"]
[BlackTeam "Mumbai Movers"]
[WhiteFideId "2020009"]
[BlackFideId "5018471"]
[EventDate "2018.01.18"]

1. e4 e5 2. Nf3 Nc6 3. Bb5 a6 4. Ba4 d6 5. c3 f5 6. d4 fxe4 7. Ng5 exd4 8. Nxe4
Nf6 9. Nxf6+ Qxf6 10. O-O Be7 11. cxd4 O-O 12. Be3 Qg6 13. Bc2 Bf5 14. Bxf5 Qxf5
15. Qb3+ Kh8 16. Qxb7 Qd7 17. Rc1 Na5 18. Qxc7 Qxc7 19. Rxc7 Bd8 20. Rc2 Bf6 21.
Nd2 Rab8 22. Rac1 Rb4 23. Nf3 d5 24. Bd2 Rb5 25. a4 1-0

[Event "PRO League Group Stage"]
[Site "chess.com INT"]
[Date "2018.02.24"]
[Round "7"]
[White "Caruana, Fabiano"]
[Black "Lenic, Luka"]
[Result "1-0"]
[WhiteTitle "GM"]
[BlackTitle "GM"]
[WhiteElo "2811"]
[BlackElo "2662"]
[WhiteTeam "Saint Louis Arch Bishops"]
[BlackTeam "Ljubljana Turtles"]
[WhiteFideId "2020009"]
[BlackFideId "14603853"]
[EventDate "2018.01.18"]

1. e4 c5 2. Nf3 Nc6 3. Bb5 e6 4. O-O Nge7 5. d4 cxd4 6. Nxd4 Qb6 7. Nxc6 bxc6 8.
Bd3 Ng6 9. c4 Be7 10. Nc3 O-O 11. Na4 Qc7 12. c5 d5 13. cxd6 Bxd6 14. g3 c5 15.
Be3 Ne5 16. Be2 Bb7 17. Rc1 Bxe4 18. Nxc5 Bc6 19. f4 Ng6 20. Ne4 Rfd8 21. Qc2
Bxe4 22. Qxe4 Qa5 23. f5 Qe5 24. Bf3 Qxb2 25. fxg6 hxg6 26. Qc2 Qa3 27. Qc3 1-0

[Event "PRO League Group Stage"]
[Site "chess.com INT"]
[Date "2018.02.24"]
[Round "7"]
[White "Caruana, Fabiano"]
[Black "Cornette, Matthieu"]
[Result "1-0"]
[WhiteTitle "GM"]
[BlackTitle "GM"]
[WhiteElo "2811"]
[BlackElo "2611"]
[WhiteTeam "Saint Louis Arch Bishops"]
[BlackTeam "Cannes Blockbusters"]
[WhiteFideId "2020009"]
[BlackFideId "620084"]
[EventDate "2018.01.18"]

1. e4 c5 2. Nf3 Nc6 3. Bb5 g6 4. Bxc6 dxc6 5. d3 Bg7 6. h3 Nf6 7. Nc3 b6 8. Be3
O-O 9. Qd2 e5 10. a3 Qe7 11. O-O Rd8 12. Bg5 Ba6 13. Qe3 Rd7 14. Rfd1 Re8 15. a4
Qf8 16. a5 b5 17. g4 h6 18. Bh4 Nh7 19. Bg3 Ng5 20. Nxg5 hxg5 21. Qxg5 Bh6 22.
Qf6 Rd6 23. Qf3 Qe7 24. Re1 Rf6 25. Qg2 Bd2 26. Re2 Bf4 27. Bxf4 Rxf4 28. Re3
Bc8 29. Ne2 Rf6 30. Qg3 g5 31. Rf3 Rh6 32. Qg2 Kg7 33. Ng3 Reh8 34. Re1 Rxh3 35.
Nf5+ Bxf5 36. Rxh3 Rxh3 37. Qxh3 Bg6 38. Qe3 f6 39. f3 Qd6 40. b4 cxb4 41. Qxa7+
Bf7 42. Qf2 b3 43. cxb3 Qa3 44. b4 Qxb4 45. Ra1 Qc3 46. Qf1 Bb3 47. a6 Qd4+ 48.
Kg2 Ba4 49. Qg1 Qxd3 50. a7 Qd8 51. Qc5 Qd2+ 52. Kg1 Qd8 53. Ra2 b4 54. Qxb4 1-0

[Event "PRO League Group Stage"]
[Site "chess.com INT"]
[Date "2018.02.24"]
[Round "7"]
[White "Caruana, Fabiano"]
[Black "Andriasian, Zaven"]
[Result "1-0"]
[WhiteTitle "GM"]
[BlackTitle "GM"]
[WhiteElo "2811"]
[BlackElo "2585"]
[WhiteTeam "Saint Louis Arch Bishops"]
[BlackTeam "Armenia Eagles"]
[WhiteFideId "2020009"]
[BlackFideId "13302000"]
[EventDate "2018.01.18"]

1. e4 c5 2. Nf3 d6 3. d4 cxd4 4. Nxd4 Nf6 5. Nc3 a6 6. h4 e5 7. Nb3 Be6 8. Bg5
Nbd7 9. Qd2 Rc8 10. O-O-O Be7 11. Kb1 b5 12. f3 O-O 13. g4 b4 14. Nd5 Bxd5 15.
exd5 a5 16. Bb5 Nc5 17. Bc6 Nxb3 18. cxb3 Nd7 19. Be3 f5 20. g5 Nc5 21. Bxc5
dxc5 22. d6 Rxc6 23. Qd5+ Rf7 24. dxe7 Qe8 25. Qxc6 Qxc6 26. Rd8+ 1-0

[Event "PRO League Group Stage"]
[Site "chess.com INT"]
[Date "2018.02.24"]
[Round "7"]
[White "Libiszewski, Fabien"]
[Black "Li, Chao b"]
[Result "0-1"]
[WhiteTitle "GM"]
[BlackTitle "GM"]
[WhiteElo "2530"]
[BlackElo "2732"]
[WhiteTeam "Cannes Blockbusters"]
[BlackTeam "Chengdu Pandas"]
[WhiteFideId "616834"]
[BlackFideId "8604436"]
[EventDate "2018.01.18"]

1. e4 e5 2. Nf3 Nf6 3. Nxe5 d6 4. Nf3 Nxe4 5. d3 Nf6 6. d4 Be7 7. Bd3 O-O 8. O-O
c5 9. c3 Nc6 10. Nbd2 Bg4 11. h3 Bh5 12. Be2 Re8 13. Re1 Bf8 14. Nb3 Ne4 15. Ng5
Bxe2 16. Rxe2 Nxg5 17. Rxe8 Nxh3+ 18. gxh3 Qxe8 19. Bf4 Qe4 20. Bg3 Re8 21. dxc5
dxc5 22. Qd7 Ne5 0-1

[Event "PRO League Group Stage"]
[Site "chess.com INT"]
[Date "2018.02.24"]
[Round "7"]
[White "Libiszewski, Fabien"]
[Black "Akobian, Varuzhan"]
[Result "0-1"]
[WhiteTitle "GM"]
[BlackTitle "GM"]
[WhiteElo "2530"]
[BlackElo "2647"]
[WhiteTeam "Cannes Blockbusters"]
[BlackTeam "Saint Louis Arch Bishops"]
[WhiteFideId "616834"]
[BlackFideId "13300580"]
[EventDate "2018.01.18"]

1. e4 e6 2. d4 d5 3. Nc3 Bb4 4. Ne2 dxe4 5. a3 Be7 6. Nxe4 Nf6 7. N2g3 O-O 8.
Be2 Nbd7 9. O-O b6 10. Bf3 Rb8 11. a4 a5 12. Re1 Bb7 13. c3 Re8 14. Qc2 Nxe4 15.
Bxe4 Nf6 16. Bxb7 Rxb7 17. Ne4 c5 18. Nxf6+ Bxf6 19. Qe4 Qc8 20. Be3 cxd4 21.
Bxd4 Bxd4 22. Qxd4 Rd8 23. Qe3 Qc6 24. Rad1 Rbd7 25. Rxd7 Rxd7 26. h4 h6 27. g3
Rd6 28. b3 Qd5 29. c4 Qc5 30. Kg2 Kf8 31. Qf3 Qc6 32. Re5 Qxf3+ 33. Kxf3 Rd3+
34. Kg2 Rxb3 35. c5 b5 36. c6 bxa4 37. Rxa5 Rc3 38. Rxa4 Rxc6 39. Ra7 h5 40. Ra5
g6 41. Ra7 Kg7 42. Kf3 Kf6 43. Ra5 Rc7 44. Ke3 e5 45. Kf3 Kf5 46. Kg2 f6 47. Ra4
Rc6 48. Rb4 Re6 49. Kf3 Rd6 50. Kg2 Rd5 51. Kf3 g5 52. hxg5 Kxg5 53. Rb8 Rd3+
54. Kg2 Rd4 55. Rg8+ Kf5 56. Rh8 Kg6 57. Rg8+ Kh7 58. Rf8 Kg7 59. Ra8 h4 60.
gxh4 Rxh4 61. Kf3 Rb4 62. Rc8 Kg6 63. Ra8 Kf5 64. Ra5 Rb3+ 65. Ke2 Kf4 66. Ra8
f5 67. Ra2 e4 68. Rc2 Ra3 69. Rb2 Kg4 70. Rb8 Ra2+ 71. Ke3 Ra3+ 72. Ke2 Ra2+ 73.
Ke3 f4+ 74. Kxe4 Re2+ 75. Kd3 Rxf2 76. Re8 Kg3 77. Rg8+ Kf3 78. Re8 Ra2 79. Re7
Kf2 80. Re8 f3 81. Re7 Re2 82. Rh7 Re8 83. Kd2 Rd8+ 84. Kc1 Ke2 85. Re7+ Kf1 86.
Kc2 f2 87. Re6 Rg8 88. Kd2 Kg2 0-1

[Event "PRO League Group Stage"]
[Site "chess.com INT"]
[Date "2018.02.24"]
[Round "7"]
[White "Libiszewski, Fabien"]
[Black "Sadorra, Julio Catalino"]
[Result "1-0"]
[WhiteTitle "GM"]
[BlackTitle "GM"]
[WhiteElo "2530"]
[BlackElo "2539"]
[WhiteTeam "Cannes Blockbusters"]
[BlackTeam "Dallas Destiny"]
[WhiteFideId "616834"]
[BlackFideId "5201268"]
[EventDate "2018.01.18"]

1. e4 Nf6 2. e5 Nd5 3. d4 d6 4. c4 Nb6 5. exd6 exd6 6. Nc3 Nc6 7. Be3 Be7 8. Bd3
O-O 9. b3 Bf6 10. Nge2 Bg4 11. O-O Nxd4 12. Bxd4 Bxd4 13. Bxh7+ Kxh7 14. Qxd4
Bxe2 15. Nxe2 Re8 16. Ng3 Kg8 17. Rad1 Nd7 18. Qd5 Rb8 19. Rd4 Qf6 20. Rg4 Re5
21. Qd4 Rbe8 22. Qxa7 Nc5 23. Qa5 Nxb3 24. Qc3 Nc5 25. Nh5 Qe6 26. Rxg7+ Kf8 27.
Rh7 Kg8 28. Qg3+ Qg6 29. Rg7+ 1-0

[Event "PRO League Group Stage"]
[Site "chess.com INT"]
[Date "2018.02.24"]
[Round "7"]
[White "Lalith, Babu M R"]
[Black "Macieja, Bartlomiej"]
[Result "1/2-1/2"]
[WhiteTitle "GM"]
[BlackTitle "GM"]
[WhiteElo "2542"]
[BlackElo "2550"]
[WhiteTeam "Delhi Dynamite"]
[BlackTeam "Rio Grande Ospreys"]
[WhiteFideId "5024595"]
[BlackFideId "1104306"]
[EventDate "2018.01.18"]

1. Nf3 c5 2. c4 Nf6 3. Nc3 Nc6 4. d4 cxd4 5. Nxd4 e6 6. g3 Qb6 7. Nb3 Ne5 8. Bg2
Nxc4 9. O-O d6 10. e4 Bd7 11. Qe2 Rc8 12. Rd1 Be7 13. Rd4 Qc7 14. Bf1 Ne5 15.
Bf4 O-O 16. Rad1 Rfd8 17. Bg5 Be8 18. h3 h6 19. Be3 a6 20. Rc1 Qb8 21. f4 Nc6
22. Rdd1 b5 23. Bg2 Nd7 24. g4 Nb6 25. Bf2 Nc4 26. h4 Bf8 27. g5 hxg5 28. hxg5
g6 29. f5 N4e5 30. Bh3 Bd7 31. fxe6 Bxe6 32. Bxe6 fxe6 33. Qe3 Re8 34. Kg2 Ng4
35. Qh3 Nxf2 36. Kxf2 Qa7+ 37. Kg2 Qh7 38. Qg3 Rc7 39. Rh1 Qg7 40. Rh6 Ne5 41.
a3 Rf7 42. Nd2 Nc4 43. Nxc4 bxc4 44. Rch1 Rb8 45. Rb1 Rb3 46. Qh3 Qe5 47. Rxg6+
Rg7 48. Qxe6+ Qxe6 49. Rxe6 Rxg5+ 50. Kf2 Bg7 51. Ne2 Be5 52. Re8+ Kf7 53. Rc8
Rxb2 54. Rxb2 Bxb2 55. a4 Rc5 56. Rxc5 dxc5 57. Ke3 Ke6 58. Nf4+ Kd6 59. Nd5
Bd4+ 60. Kd2 Ke5 61. Nc7 a5 62. Na8 Kxe4 63. Nb6 c3+ 64. Kc2 Ke5 65. Nc4+ Kd5
66. Nxa5 c4 67. Nb7 Bf6 68. a5 Kc6 69. a6 Kb6 70. Nd6 Kxa6 71. Nxc4 Bg7 72. Ne3
Bh8 73. Nd5 Be5 74. Nxc3 Bxc3 1/2-1/2

[Event "PRO League Group Stage"]
[Site "chess.com INT"]
[Date "2018.02.24"]
[Round "7"]
[White "Lalith, Babu M R"]
[Black "Obregon, Andres Carlos"]
[Result "0-1"]
[WhiteTitle "GM"]
[BlackTitle "GM"]
[WhiteElo "2542"]
[BlackElo "2514"]
[WhiteTeam "Delhi Dynamite"]
[BlackTeam "Buenos Aires Krakens"]
[WhiteFideId "5024595"]
[BlackFideId "111724"]
[EventDate "2018.01.18"]

1. Nf3 Nf6 2. c4 e6 3. g3 d5 4. d4 Bb4+ 5. Bd2 Be7 6. Bg2 c6 7. O-O b6 8. Qc2
O-O 9. Rd1 Bb7 10. b3 Na6 11. Nc3 Rc8 12. e4 h6 13. e5 Nd7 14. Be3 c5 15. Nb5
cxd4 16. Bxd4 Nb4 17. Qc3 dxc4 18. bxc4 Bd5 19. Nd2 a5 20. a3 Na6 21. Rab1 Bxg2
22. Kxg2 Ndc5 23. Qf3 Qd7 24. Bxc5 Nxc5 25. Ne4 Qc6 26. Ned6 Qxf3+ 27. Kxf3 Rc6
28. Nd4 Rc7 29. Rxb6 Nd7 30. N4b5 Nxe5+ 31. Kg2 Nxc4 32. Ra6 Rc5 33. Nxc4 Rxc4
34. Rxa5 Rc2 35. Nd4 Ra2 36. Ra7 Bc5 37. Ra5 Bb6 38. Ra6 Rb2 39. Ne2 Rc8 40. Rd6
Bxf2 41. Kxf2 Rcc2 42. Rxe6 fxe6 43. Rxe6 Rb3 44. a4 Ra2 45. Re4 Rba3 46. h4
Rxa4 47. Re8+ Kf7 48. Re3 Ra6 49. Kf3 R2a3 50. Rxa3 Rxa3+ 51. Kg4 Ra4+ 52. Nf4
Kf6 53. Kf3 Kf5 54. g4+ Ke5 55. Nd3+ Kd4 56. Nf2 Ra2 57. h5 Ke5 58. Nd3+ Kf6 59.
Nf2 Kg5 60. Ne4+ Kh4 61. Nd6 Ra3+ 0-1

[Event "PRO League Group Stage"]
[Site "chess.com INT"]
[Date "2018.02.24"]
[Round "7"]
[White "Lalith, Babu M R"]
[Black "Mikhalevski, Victor"]
[Result "0-1"]
[WhiteTitle "GM"]
[BlackTitle "GM"]
[WhiteElo "2542"]
[BlackElo "2538"]
[WhiteTeam "Delhi Dynamite"]
[BlackTeam "Seattle Sluggers"]
[WhiteFideId "5024595"]
[BlackFideId "2801914"]
[EventDate "2018.01.18"]

1. Nf3 Nf6 2. c4 g6 3. Nc3 d5 4. cxd5 Nxd5 5. g3 Bg7 6. Bg2 O-O 7. O-O Nxc3 8.
bxc3 Nc6 9. Rb1 b6 10. d3 Na5 11. c4 c5 12. Bd2 Nc6 13. Ne5 Bxe5 14. Bxc6 Bh3
15. Bg2 Qd7 16. a4 Rad8 17. Qc2 Rfe8 18. a5 Bc7 19. axb6 axb6 20. Ra1 Bxg2 21.
Kxg2 e5 22. Bc3 e4 23. Rad1 Qc6 24. Kg1 Ra8 25. Ra1 exd3 26. exd3 Rad8 27. Rae1
Qf3 28. Bb2 f6 29. Rxe8+ Rxe8 30. Qc3 Kf7 31. Qa3 h5 32. Qc3 Re2 33. Qc1 g5 34.
d4 h4 35. Qc3 Qxc3 36. Bxc3 Rc2 37. Ba1 cxd4 38. Bxd4 Rxc4 39. Rd1 b5 40. gxh4
gxh4 41. Kg2 b4 42. Rd3 Be5 43. Be3 Ke6 44. Rb3 Bc3 45. Kf3 Kd5 46. Ke2 Rg4 47.
Kd3 Rg1 48. h3 Rd1+ 49. Kc2 Rh1 50. Kd3 f5 51. Bg5 Rxh3+ 52. Ke2 Kc4 53. Rb1 b3
54. Bd2 b2 55. Rg1 Bxd2 56. Kxd2 Kb3 57. Rg8 b1=Q 58. Rb8+ Ka2 59. Ra8+ Ra3 0-1

[Event "PRO League Group Stage"]
[Site "chess.com INT"]
[Date "2018.02.24"]
[Round "7"]
[White "Lalith, Babu M R"]
[Black "Le, Tuan Minh"]
[Result "1-0"]
[WhiteTitle "GM"]
[BlackTitle "IM"]
[WhiteElo "2542"]
[BlackElo "2485"]
[WhiteTeam "Delhi Dynamite"]
[BlackTeam "Pittsburgh Pawngrabbers"]
[WhiteFideId "5024595"]
[BlackFideId "12401153"]
[EventDate "2018.01.18"]

1. Nf3 d5 2. d4 Nf6 3. c4 e6 4. g3 Bb4+ 5. Bd2 Be7 6. Bg2 O-O 7. O-O Nbd7 8. Qc2
Ne4 9. Nc3 Nxd2 10. Nxd2 c6 11. Rfd1 f5 12. e3 Nf6 13. Ne2 Ne4 14. Nf3 Bd7 15.
Ne5 Bf6 16. Nf4 Qe7 17. Nfd3 Be8 18. b4 Bh5 19. Rdc1 Rfd8 20. a4 Be8 21. Rab1 a6
22. c5 Ng5 23. h4 Nf7 24. Qc3 g5 25. hxg5 Nxg5 26. Nf4 Ne4 27. Bxe4 fxe4 28. Kg2
Bxe5 29. dxe5 Bg6 30. Rh1 Bf5 31. Rh4 d4 32. exd4 e3 33. Rf1 exf2 34. Rxf2 Kh8
35. Nh5 Rg8 36. Nf6 Rg7 37. Qe3 Bg6 38. Qf4 a5 39. b5 cxb5 40. axb5 a4 41. Qe3
Qc7 42. Rh1 Qa5 43. Qh6 Qc7 44. b6 Qe7 45. Qe3 Be8 46. Ra1 Bc6+ 47. Kg1 Qf7 48.
g4 Qg6 49. Kf1 Rd8 50. Ke1 Rf7 51. Kd2 Ra8 52. Kc3 Ra5 53. Rh2 a3 54. Rh6 Qg7
55. g5 a2 56. Kb3 Rb5+ 57. Kc2 Ra5 58. Rxh7+ Qxh7+ 59. Nxh7 Kxh7 60. g6+ Kxg6
61. Rg1+ 1-0